| 000 | 00707nam a2200205Ia 4500 | ||
|---|---|---|---|
| 005 | 20260629163254.0 | ||
| 008 | 260629s9999||||xx |||||||||||||| ||und|| | ||
| 020 |
_a9781685867119 _qpbk |
||
| 082 |
_a332.6322 _bSHA |
||
| 100 | _aShantharaj, Indrazith | ||
| 245 | 4 | _aThe subtle art of intraday trading: a handbook on how to bank on trading psychology, options strategies and make a living out of Indian Stock Market even as beginners | |
| 260 |
_aChennai _bNotion Press M edia _c2021 |
||
| 300 | _a164p. ; 23cm. | ||
| 653 | _aDay trading (Securities) | ||
| 653 | _aInvestment analysis | ||
| 653 | _aInvestor psychology | ||
| 653 | _aStock exchanges—India | ||
| 653 | _aStock trading | ||
| 942 | _cBK | ||
| 999 |
_c57276 _d57276 |
||